00430nam a22001457a 4500003000500000038001800005082000800023100002000031245005300051264003500104300002400139650003100163700003300194856005700227NUST aNusrat Nadeem a200 aFahid Bin Tariq aText Classification Using NLP /cFahid Bin Tariq aIslamabad,bSEECS NUST;c2024. a30,p;bill;c30,cm. aMS-Electrical Engineering  aSupervisor: Dr. Ahmad Salman uhttp://10.250.8.41:8080/xmlui/handle/123456789/42994